00702nam a2200205Ia 4500003000900000008004100009020001800050040001600068080001600084100002700100245012200127260003400249300001500283650004100298650001500339650001700354942000700371999001500378952010300393IN-BaIIA211028s9999 xx 000 0 eng d a0-7167-1700-X cIIA Library a523.68bWAS aWasson, John T.915316 0aMeteoritesbtheir records of early solar-system historycJohn T. Wasson  aNew YorkbW. H. Freemanc1985 avii, 267p. aAstronomy and astrophysics thesaurus aMeteorites aSolar-system cBK c9121d9121 00104070aBANbBANcGENd0000-00-00l0o523.68/ WASp10024r2021-11-05w0000-00-00yBKG£ 36.32